G18荣乌高速公路途经的地级和县级行政区 - 地图版 - Statistics

General Stats
  • This quiz has been taken 35 times
  • The average score is 51 of 63
Answers on the Map
Answers color-coded by a green-red scale on the quiz's map according to % correct below.
 
Answer Stats
行政区 % Correct
荣成市
100%
东营区
100%
东营市
100%
威海市
96%
烟台市
96%
滨州市
96%
沧州市
96%
廊坊市
96%
保定市
96%
蓬莱区
93%
滨海新区
93%
武清区
93%
大同市
93%
乌海市
93%
莱州市
89%
黄骅市
89%
静海区
89%
青岛市
89%
潍坊市
89%
朔州市
89%
鄂尔多斯市
89%
环翠区
86%
龙口市
86%
寿光市
86%
西青区
86%
霸州市
86%
呼和浩特市
86%
莱山区
82%
芝罘区
82%
福山区
82%
广饶县
82%
涞源县
82%
文登区
79%
平度市
79%
寒亭区
79%
垦利区
79%
牟平区
75%
招远市
75%
昌邑市
75%
无棣县
75%
海兴县
75%
固安县
75%
高碑店市
75%
徐水区
75%
灵丘县
75%
准格尔旗
75%
伊金霍洛旗
75%
利津县
71%
易县
71%
浑源县
71%
应县
71%
海南区
71%
沾化区
68%
永清县
68%
定兴县
68%
满城区
68%
山阴县
68%
平鲁区
68%
清水河县
68%
东胜区
68%
鄂托克旗
68%
康巴什区
64%
杭锦旗
61%
No matching quizzes found
Score Distribution
Percent of People with Each Score
Percentile by Number Answered
Your Score History
You have not taken this quiz